Resident Evil 2 - Weapon Names - Statistics

General Stats
  • This quiz has been taken 65 times
  • The average score is 3 of 16
Answer Stats
Type Answer % Correct
Knife Knife
84%
Special Rocket Launcher
42%
Special Gatling Gun
31%
Special Flamethrower
18%
Bowgun Bowgun
16%
Handgun Colt S.A.A
13%
Special Spark Shot
13%
Handgun Browning HP
9%
Handgun H&K VP70
9%
Sub Machinegun Mac11
9%
Magnum Desert Eagle 50A.E.
7%
Shotgun Remington M1100
7%
Special M79 Grenade Launcher
5%
Magnum Desert Eagle 50A.E. Custom
4%
Handgun H&K VP70 Burst
4%
Shotgun Remington M1100-P
4%
No matching quizzes found
Score Distribution
Percent of People with Each Score
Percentile by Number Answered
Your Score History
You have not taken this quiz